El proceso estratégico : conceptos, contextos y casos /

Guardado en:
Autor Principal: Mintzberg, Henry.
Otros Autores: Quinn, James Brian, 1928-
Formato: Libro
Idioma:Spanish
English
Publicado: México : Prentice Hall Hispanoamericana, c1993.
Edición:2a. ed.
Materias:
Etiquetas: Agregar Etiqueta
Sin Etiquetas, Sea el primero en etiquetar este registro!
LEADER 01049nam a22002655a 4500
001 EAD.ead001049
008 071017s1993####mx#######b####001#0#spa#d
005 20250703095744.0
245 1 3 |a El proceso estratégico :  |b conceptos, contextos y casos /  |c Henry Mintzberg, James Brian Quinn. 
250 |a 2a. ed. 
260 |a México :  |b Prentice Hall Hispanoamericana,  |c c1993. 
300 |a xxiii, 1207 p. ;  |c 26 cm. 
500 |a Traducción de: The strategy process: concepts, contexts, cases. 
504 |a Incluye referencias bibliográficas (p. 1172-1181) e índices. 
020 |a 9688803227 
100 1 |a Mintzberg, Henry. 
700 1 |a Quinn, James Brian,  |d 1928- 
082 0 4 |a 658.4012  |2 21 
650 7 |a Estrategia empresarial.  |2 unbist 
650 7 |a Cultura empresarial.  |2 isoc 
650 7 |a Planificación estratégica.  |2 isoc 
650 7 |a Estudios de casos.  |2 unbist 
041 1 |a spa  |h eng 
859 |a AR-BaBDC  |b BIB. ADMINISTRACION - Libros  |h 658.4012  |i M668a2  |p b03983 
859 |a AR-BaBDC  |b BIB. ADMINISTRACION - Libros  |h 658.4012  |i M668a2  |p b03984  |t Ej. 2